A series of fortunate events : (Record no. 3767)

MARC details
000 -LEADER
fixed length control field 02133cam a22001937i 4500
008 - FIXED-LENGTH DATA ELEMENTS--GENERAL INFORMATION
fixed length control field 200528s2020 njuab b 001 0 eng
020 ## - INTERNATIONAL STANDARD BOOK NUMBER
ISBN 9780691201757
020 ## - INTERNATIONAL STANDARD BOOK NUMBER
ISBN 9780691201757
100 1# - MAIN ENTRY--AUTHOR
Author Carroll, Sean B.,
245 12 - TITLE STATEMENT
Title A series of fortunate events :
Remainder of title chance and the making of the planet, life, and you /
Statement of responsibility, etc Sean B. Carroll.
260 ## - PUBLICATION, DISTRIBUTION, ETC. (IMPRINT)
Place of publication princeton
Name of publisher princeton university press
300 ## - COLLATION
Pagination 213 pages :
Other physical details illustrations, maps ;
500 ## - GENERAL NOTE
General note Minimal Level Cataloging Plus.
520 ## - SUMMARY, ETC.
Summary, etc "From acclaimed writer and biologist Sean B. Carroll, a rollicking, awe-inspiring story of the surprising power of chance in our lives and the world. Why is the world the way it is? How did we get here? Does everything happen for a reason or are some things left to chance? Philosophers and theologians have pondered these questions for millennia, but startling scientific discoveries over the past half century are revealing that we live in a world driven by chance. A Series of Fortunate Events tells the story of the awesome power of chance and how it is the surprising source of all the beauty and diversity in the living world. Like every other species, we humans are here by accident. But it is shocking just how many things-any of which might never have occurred-had to happen in certain ways for any of us to exist. From an extremely improbable asteroid impact, to the wild gyrations of the Ice Age, to invisible accidents in our parents' gonads, we are all here through an astonishing series of fortunate events. And chance continues to reign every day over the razor-thin line between our life and death. This is a relatively small book about a really big idea. It is also a spirited tale. Drawing inspiration from Monty Python, Kurt Vonnegut, and other great thinkers, and crafted by one of today's most accomplished science storytellers, A Series of Fortunate Events is an irresistibly entertaining and thought-provoking account of one of the most important but least appreciated facts of life"--
650 #0 - TRACINGS
Main Subject Life
Subdivision (2nd) Origin.
650 #0 - TRACINGS
Main Subject Evolution (Biology)
Subdivision (2nd) History.
Subdivision (1st) life origin
942 ## - ADDED ENTRY ELEMENTS (KOHA)
Item type Books
050 00 - LIBRARY OF CONGRESS CALL NUMBER
Classification number QH 325
Item number .C37
Holdings
Source of classification or shelving scheme Not for loan Permanent location Current location Date acquired Accession No. Full call number Barcode. Koha item type
Library of Congress Classification   Samuel Ogbemudia Main Library, University of Abuja Samuel Ogbemudia Main Library, University of Abuja 06/04/2025 2024/64234 QH 325 .C37 2025-2347 Books